[Event "SLO-chT West"]
[Site "Bled"]
[Date "2004.11.06"]
[Round "3"]
[White "Ljajic, Ismet"]
[Black "Ursic, Aleksander"]
[Result "1-0"]
[WhiteElo "2034"]
[BlackElo "1928"]
[PlyCount "87"]
[EventDate "2004.11.05"]
[EventType "team"]
[EventRounds "9"]
[EventCountry "SLO"]
[SourceTitle "EXT 2009"]
[Source "ChessBase"]
[SourceDate "2008.11.26"]
[SourceVersion "1"]
[SourceVersionDate "2008.11.26"]
[SourceQuality "1"]

1. e4 c5 2. Nf3 d6 3. d4 cxd4 4. Nxd4 Nf6 5. Nc3 g6 6. f3 Bg7 7. Be3 Nc6 8. Qd2 Bd7 9. Bc4 Rc8 10. Bb3 Ne5 11. 0-0-0 Nc4 12. Bxc4 Rxc4 13. Kb1 Qa5 14. g4 Be6 15. Nb3 Qa6 16. e5 Nxg4 17. fxg4 Bxg4 18. exd6 exd6 19. Rde1 0-0 20. Bd4 Be6 21. Bxg7 Kxg7 22. h4 h5 23. Nd4 Bg4 24. Ndb5 Rc6 25. Qd4+ Kg8 26. Qxa7 Rc4 27. Qxa6 bxa6 28. Nxd6 Rb4 29. a3 Rb6 30. Nc4 Rb7 31. Na5 Rc7 32. Nb3 Kg7 33. Re3 Rb8 34. Rhe1 Bf5 35. Nd4 Bg4 36. Kc1 Rc4 37. Re4 Bd7 38. Nf5+ Bxf5 39. Rxc4 Rb6 40. Rc7 Be6 41. Ne4 Bd5 42. Ng5 Rf6 43. c4 Bg2 44. Ree7 1-0

[Event "SLO-chT2"]
[Site "Slovenia"]
[Date "2003.10.17"]
[Round "8"]
[White "Lorger, Rastko"]
[Black "Ljajic, Ismet"]
[Result "0-1"]
[WhiteElo "1637"]
[BlackElo "1921"]
[PlyCount "30"]
[EventDate "2003.05.02"]
[EventType "team"]
[EventRounds "9"]
[EventCountry "SLO"]
[SourceTitle "EXT 2005"]
[Source "ChessBase"]
[SourceDate "2004.11.15"]
[SourceVersion "1"]
[SourceVersionDate "2004.11.15"]
[SourceQuality "1"]

1. d4 d5 2. c4 e5 3. dxe5 d4 4. Nf3 Nc6 5. a3 a5 6. e3 Bc5 7. exd4 Nxd4 8. Be3 Bg4 9. Bxd4 Bxf3 10. Qxf3 Qxd4 11. Qe2 Ne7 12. Nc3 c6 13. Rd1 Qf4 14. g3 Qf5 15. Qe4 Qxf2# 0-1

[Event "SLO-chT2"]
[Site "Slovenia"]
[Date "2003.10.01"]
[Round "7"]
[White "Ljajic, Ismet"]
[Black "Juhant, Igor"]
[Result "1-0"]
[WhiteElo "1921"]
[BlackElo "1923"]
[PlyCount "61"]
[EventDate "2003.05.02"]
[EventType "team"]
[EventRounds "9"]
[EventCountry "SLO"]
[SourceTitle "EXT 2005"]
[Source "ChessBase"]
[SourceDate "2004.11.15"]
[SourceVersion "1"]
[SourceVersionDate "2004.11.15"]
[SourceQuality "1"]

1. d4 Nf6 2. Nf3 g6 3. c4 Bg7 4. Nc3 0-0 5. e4 d6 6. Bg5 Nbd7 7. Be2 h6 8. Bh4 e5 9. d5 g5 10. Bg3 Nxe4 11. Nxe4 f5 12. Nfd2 fxe4 13. Nxe4 Nf6 14. Nxf6+ Qxf6 15. 0-0 e4 16. Rb1 Bf5 17. Bg4 Qd4 18. Bxf5 Rxf5 19. Qb3 Raf8 20. Rfd1 Qc5 21. Qe3 Qxc4 22. Rbc1 Qxa2 23. Qxe4 Qxb2 24. Rxc7 Be5 25. Rc2 Qb6 26. Bxe5 dxe5 27. d6 Rxf2 28. Qg6+ Kh8 29. Qxh6+ Kg8 30. Qxg5+ Kh7 31. Rc7+ 1-0

[Event "SLO-chT2"]
[Site "Slovenia"]
[Date "2003.05.02"]
[Round "2"]
[White "Ljajic, Ismet"]
[Black "Spendal, Barbara"]
[Result "1-0"]
[WhiteElo "1921"]
[BlackElo "1763"]
[PlyCount "107"]
[EventDate "2003.05.02"]
[EventType "team"]
[EventRounds "9"]
[EventCountry "SLO"]
[SourceTitle "EXT 2005"]
[Source "ChessBase"]
[SourceDate "2004.11.15"]
[SourceVersion "1"]
[SourceVersionDate "2004.11.15"]
[SourceQuality "1"]

1. e4 e5 2. Nf3 Nc6 3. Bc4 Bc5 4. b4 Bxb4 5. c3 Be7 6. 0-0 Nf6 7. d4 exd4 8. e5 Ne4 9. cxd4 d5 10. exd6 Nxd6 11. Bd5 Bd7 12. Ne5 Nb4 13. Bb3 0-0 14. Nc3 Nc6 15. Re1 Bf6 16. Nd5 Be8 17. Bf4 Nb5 18. Re4 Ne7 19. Nxf6+ gxf6 20. Ng4 Ng6 21. Bh6 f5 22. Bxf8 Kxf8 23. Rxe8+ Qxe8 24. Nh6 Nd6 25. Qd2 Kg7 26. Bc2 Qd7 27. Qg5 Re8 28. h4 f6 29. Qh5 Qc6 30. Nxf5+ Nxf5 31. Bxf5 Qc3 32. Rd1 Re1+ 33. Kh2 Re7 34. Qg4 Kf7 35. h5 Nf8 36. Rd3 Qc1 37. Rg3 Re1 38. Qg8+ Ke8 39. Rf3 Rh1+ 40. Kg3 Qg5+ 41. Qxg5 fxg5 42. Rb3 b6 43. Rc3 Kd8 44. Rc6 Rd1 45. Kg4 Rxd4+ 46. Kxg5 Rd2 47. Rc2 Rd6 48. g4 c5 49. f4 Rd4 50. Rf2 c4 51. Kf6 c3 52. Rc2 Rxf4 53. Rxc3 Rf2 54. Rc8# 1-0